Normal view
MARC view
Entry Personal Name
001 - CONTROL NUMBER
- control field: 65048
003 - CONTROL NUMBER IDENTIFIER
- control field: OSt
005 - DATE AND TIME OF LATEST TRANSACTION
- control field: 20160723114454.0
008 - FIXED-LENGTH DATA ELEMENTS
- fixed length control field: 160723|| aca||aabn | a|a d
040 ## - CATALOGING SOURCE
- Original cataloging agency: OSt
- Transcribing agency: OSt
100 ## - HEADING--PERSONAL NAME
- Personal name: पठान, अख्तर खान
670 ## - SOURCE DATA FOUND
- Source citation: Work cat.: (OSt): पठान, अख्तर खान , स्वातंत्रयोत्तर हिन्दी साहित्य के प्रतिनिधि रचनाकार , 2010









